Aves identificadas en el Parque Nacional Tayrona (Registro nro. 9943)

Detalles MARC
000 -CABECERA
Campo de control 005740000a22001930004500
090 ## - CLASIFICACIÓN LOCAL
Colección AR
Consecutivo 00855
041 0# - IDIOMA
Código de idioma para texto/pista de sonido o título separado
100 1# - ASIENTO PRINCIPAL--NOMBRE PERSONAL
Nombre personal Russell, S.
245 10 - MENCION DE TITULO
Título Aves identificadas en el Parque Nacional Tayrona
650 14 - ASIENTO SECUNDARIO DE MATERIA - TERMINO TEMATICO
Término temático o nombre geográfico como elemento de entrada Avifauna
650 14 - ASIENTO SECUNDARIO DE MATERIA - TERMINO TEMATICO
Término temático o nombre geográfico como elemento de entrada Inventarios de aves
650 14 - ASIENTO SECUNDARIO DE MATERIA - TERMINO TEMATICO
Término temático o nombre geográfico como elemento de entrada Taxonomía animal
651 #4 - ASIENTO SECUNDARIO DE MATERIA - NOMBRE GEOGRAFICO
-- Parque Nacional Natural Tayrona
-- Magdalena
-- Colombia
700 1# - ASIENTO SECUNDARIO - NOMBRE PERSONAL
Nombre personal Luepke, John C.
700 1# - ASIENTO SECUNDARIO - NOMBRE PERSONAL
Nombre personal Hilty, Steven L.
700 1# - ASIENTO SECUNDARIO - NOMBRE PERSONAL
Nombre personal Johnson, T.
773 1# - Item fuente:
Título Preprint
Especificación de materiales 3
Paginas del Articulo 1-7
Lugar, editorial y fecha de publicación 1972
942 ## - ELEMENTOS ADICIONALES (KOHA)
Tipo de ítem Artículo
Koha issues (borrowed), all copies 1
Existencias
Withdrawn status Lost status Damaged status No para préstamo Colección Ubicación Permanente Ubicación actual Fecha de adquisición Datos de publicación Seriada Total Checkouts Número topográfico Inventario / Código de Barras Date last seen Date checked out Ejemplar Price effective from Forma de adquisición Tipo de material
      No para Préstamo Hemeroteca Bogotá Bogotá 27/02/2015 Fuera de circulación 1 AR 00855 011180 11/10/2017 11/10/2017 1 25/03/2015   Artículo